00679cam a22002171 45000010008000000030006000080050017000140080041000310100017000720150014000890350019001030400024001220420012001460500018001580820018001761000026001942450138002202600048003583000027004066500028004339830207GBCCL20241126110453.0780424s1960 miua j 000 0 eng  a 60004673  aGB61-2949 a(OCoLC)3822375 aDLCcMiGrCdUkdDLC apremarc00aBS551.2b.K65 a220.9505bKOR1 aKorfker, Dena,d1908-10aMy picture story Bible.cWith full-color pictures by C. P. Robison and Ben Wood, and additional illus. in the text by Dirk Gringhuis. aGrand Rapids,bZondervan Pub. Housec[1960] a512 p.billus.c24 cm. 0aBible stories, English.